000 00704cam a2200217 a 4500
001 000011540
005 20200929162502.0
008 790731s1978 ve b 000 0 spa d
020 _a843447445X
040 _aDO-SdBNP
_bspa
_cLC
_dBNPHU
050 0 0 _aHD1912
_b.S46
082 _ann*
_bnn*
100 1 _aSequera Tamayo, Isbelia.
_927295
245 1 0 _aDinámica de la agricultura y su expresión en Venezuela /
_cIsbelia Sequera de Segnini.
260 _aCaracas :
_bAriel-Seix Barral Venezolana,
_c1978.
300 _a331 p. ;
_c21 cm.
504 _aBibliografía: p. 325-331.
650 0 _aAgriculture
_xEconomic aspects
_zVenezuela.
_927296
910 _aCatalogación por copia / LC
049 _aBNGR
999 _c11235
_d11235